|
|
|
|
| LEADER |
01481nam a2200421 a 4500 |
| 001 |
nkc20132467110 |
| 003 |
CZ PrNK |
| 005 |
20131127090446.0 |
| 007 |
ta |
| 008 |
130611s2013 xr g 000 f cze |
| 015 |
|
|
|a cnb002467110
|
| 020 |
|
|
|a 978-80-242-4092-3
|q (váz.)
|
| 035 |
|
|
|a (OCoLC)864847536
|
| 040 |
|
|
|a OLA001
|b cze
|d ABA001
|
| 041 |
1 |
|
|a cze
|h ger
|
| 072 |
|
7 |
|a 821.112.2-3
|x Německá próza, německy psaná
|2 Konspekt
|9 25
|
| 080 |
|
|
|a 821.112.2-31
|2 MRF
|
| 080 |
|
|
|a (0:82-312.4)
|2 MRF
|
| 080 |
|
|
|a (0:82-311.6)
|2 MRF
|
| 100 |
1 |
|
|a Pötzsch, Oliver,
|d 1970-
|7 xx0136239
|4 aut
|
| 245 |
1 |
0 |
|a Případ Ludvík :
|b tajemství bavorského pohádkového krále konečně odhaleno /
|c Oliver Pötzsch ; [z německého originálu ... přeložila Blanka Pscheidtová]
|
| 250 |
|
|
|a Vyd. 1.
|
| 260 |
|
|
|a Praha :
|b Knižní klub,
|c 2013
|
| 300 |
|
|
|a 447 s. ;
|c 21 cm
|
| 500 |
|
|
|a Obsahuje glosář
|
| 655 |
|
7 |
|a německé romány
|7 fd132945
|2 czenas
|
| 655 |
|
7 |
|a detektivní romány
|7 fd132010
|2 czenas
|
| 655 |
|
7 |
|a historické romány
|7 fd132414
|2 czenas
|
| 655 |
|
9 |
|a German fiction
|2 eczenas
|
| 655 |
|
9 |
|a detective novels
|2 eczenas
|
| 655 |
|
9 |
|a historical novels
|2 eczenas
|
| 765 |
0 |
|
|t Ludwigverschwörung
|9 Česky
|
| 910 |
2 |
|
|a BOA001
|b 2-1313.836
|
| 928 |
9 |
|
|a Euromedia Group - Knižní klub
|
| 990 |
|
|
|a BK
|
| 995 |
|
|
|a 01
|
| 991 |
|
|
|b 201311
|e b
|
| 996 |
6 |
|
|b 2610567980
|c 2-1313.836
|l MZK
|r Sklad / do 1 hodiny
|n 1
|p p.v.
|w 001377107
|u 000010
|a 1
|e BOA001
|j MZK50
|s P
|